000 01174cam a22002657a 4500
001 12236107
003 OSt
005 20210205120706.0
008 001120s1998 ck a 000 0 spa
020 _a9583005428
040 _aDLC
_cCO-JJMCR
041 0 _aspa
082 0 4 _a926.1 /
_bL925m
_223
100 1 _aLozano, Pilar.
_eautora
_913055
245 1 0 _aManuel Uribe Ángel :
_bel médico y geógrafo que amó a su país /
_cPilar Lozano ; ilustraciones, Liliana Ramos.
250 _aPrimera edición
260 _aSantafé de Bogotá, Colombia :
_bColciencias :
_bPanamericana Editorial,
_c1998.
300 _a76 páginas :
_bilustraciones a color ;
_c28 cm.
520 0 _aDe niño Manuel Uribe Ángel se trepaba a los arboles, perseguía el vuelo de los pájaros, se embobaba con el atardecer y con las formas y colores de las hojas.
_utapa posterior.
650 2 4 _aUribe Ángel, Manuel
_xLiteratura infantil
_y1822-1904
_913056
650 2 4 _aGeógrafos colombianos
_xLiteratura infantil
_xBiografías
_913057
650 2 4 _aMédicos colombianos
_xLiteratura infantil
_xBiografías
_913058
700 1 _aRamos, Liliana,
_eilustradora
_913059
942 _2ddc
_cBK
999 _c7111
_d7111